000
00251nam a2200085Ia 4500
245
0
_a
Manners on the school bus
100
_a
TOURVILLE, Amanda Doering Minneapolis, Minn., 2009
_9
27776
942
_c
BK
008
210818s9999 xx 000 0 und d
999
_c
453140
_d
453139